000 00348nam a2200133Ia 4500
005 20251222152023.0
008 251222s9999||||xx |||||||||||||| ||spa||
082 _a343.8/G67
100 _aGonzales Bisso, Alfredo
245 0 _aGuía de las Principales Materias Tributarias 2015
250 _a1ra. ed.
264 _bGaceta Jurídica
942 _cLIB
999 _c25366
_d25366